North American Lakes - Sudden Death - Statistics

General Stats
  • This quiz has been taken 29 times
  • The average score is 7 of 10
Answers on the Grid
Answers color-coded by a green-red scale on the quiz's grid according to % correct below.
Lake Superior
Lake Michigan
Lake Huron
Lake Erie
Lake Ontario
Great Salt Lake
Lake of the Woods
Great Bear Lake
Lake Tahoe
Lake Winnepeg
Lake Albert
Lake Como
Loch Ness
The Dead Sea
Lake Titicaca
Lake Geneva
Caspian Sea
Lake Malawi
Lake Baikal
Lake Victoria
 
Answer Stats
Answer % Correct
Lake Michigan
88%
Lake Erie
83%
Lake Ontario
83%
Great Salt Lake
75%
Lake Huron
75%
Lake Superior
75%
Lake Tahoe
75%
Great Bear Lake
71%
Lake Winnepeg
67%
Lake of the Woods
54%
No matching quizzes found
Score Distribution
Percent of People with Each Score
Percentile by Number Answered
Your Score History
You have not taken this quiz